00453nam a2200169Ia 4500003000400000008004100004040001600045082001900061100001300080245005100093700001900144260004400163300000900207650002300216650002100239650002300260GCL140319s9999 xx 000 0 eng d aGCL / cGCL04aCHb891.7bV S1 aWEISE, A10aSTEPAN THE GRAND, THE MASTER HAND / cWEISE, A1 aVOLSKY, ARTHUR a[S.N] : bGUNATSVA PUBLISHERS ، c1982 a63 P04aRUSSIAN LITERATURE04aRUSSIA - FICTION04aCHILDREN - FICTION